[Event "RUS-Cup"]
[Site "Tula"]
[Date "2001.??.??"]
[Round "6"]
[White "Mirovshchikov, Sergey"]
[Black "Burmakin, Vladimir"]
[Result "1/2-1/2"]
[WhiteElo "2351"]
[BlackElo "2493"]
[PlyCount "99"]
[EventDate "2001.??.??"]
[EventType "swiss"]
[EventRounds "9"]
[EventCountry "RUS"]
[SourceTitle "EXT 2002"]
[Source "ChessBase"]
[SourceDate "2001.11.25"]
[SourceVersion "1"]
[SourceVersionDate "2001.11.25"]
[SourceQuality "1"]

1. d4 d5 2. Nf3 c6 3. c4 Nf6 4. e3 a6 5. Bd3 Nbd7 6. 0-0 e6 7. Nbd2 b5 8. cxd5 cxd5 9. a4 b4 10. b3 Bb7 11. Bb2 Bd6 12. Ne5 0-0 13. Rc1 Qb6 14. Qf3 Rac8 15. g4 Bxe5 16. dxe5 Ne4 17. Nxe4 dxe4 18. Bxe4 Bxe4 19. Qxe4 Nc5 20. Bd4 Nxe4 21. Bxb6 Nd2 22. Rfd1 Nxb3 23. Rb1 Rc3 24. a5 Rfc8 25. Kg2 h6 26. Rb2 Rc1 27. Rxc1 Nxc1 28. Rxb4 Nd3 29. Rd4 Nxe5 30. h3 g5 31. Rd6 Nc4 32. Rd7 Rb8 33. Bc7 Rb2 34. Kg3 Rd2 35. Rd8+ Rxd8 36. Bxd8 Kf8 37. h4 Ke8 38. hxg5 hxg5 39. Bxg5 Nxa5 40. Bf6 Nc4 41. Kf4 a5 42. Ke4 Kd7 43. Bc3 a4 44. Kd3 Nd6 45. Bb4 Kc6 46. Kd4 a3 47. Bxa3 Nb5+ 48. Ke5 Nxa3 49. Kf6 Nc4 50. Kxf7 1/2-1/2

[Event "RUS-Cup"]
[Site "Tula"]
[Date "2001.??.??"]
[Round "9"]
[White "Mirovshchikov, Sergey"]
[Black "Meister, Jakob"]
[Result "1/2-1/2"]
[WhiteElo "2351"]
[BlackElo "2473"]
[PlyCount "155"]
[EventDate "2001.??.??"]
[EventType "swiss"]
[EventRounds "9"]
[EventCountry "RUS"]
[SourceTitle "EXT 2002"]
[Source "ChessBase"]
[SourceDate "2001.11.25"]
[SourceVersion "1"]
[SourceVersionDate "2001.11.25"]
[SourceQuality "1"]

1. d4 d5 2. Nf3 Nf6 3. c4 dxc4 4. e3 g6 5. Bxc4 Bg7 6. 0-0 0-0 7. Qe2 c5 8. Rd1 cxd4 9. Nxd4 Qb6 10. Nc3 Bg4 11. f3 Bd7 12. Bd2 e5 13. Nb3 a5 14. Be1 a4 15. Nd2 Bc6 16. Rab1 Nbd7 17. Bf2 Qa5 18. Bb5 Rfc8 19. Rbc1 Qb4 20. Ndb1 Nf8 21. Bxc6 bxc6 22. Rc2 Ne6 23. Na3 e4 24. Qc4 c5 25. Ncb5 exf3 26. gxf3 Rd8 27. Rdc1 Qa5 28. Qe2 Nd5 29. Rd1 Nb4 30. Rcd2 Rxd2 31. Rxd2 Nxa2 32. Be1 Nb4 33. Rd7 Qb6 34. Bc3 Qc6 35. Rd6 Qb7 36. Qd1 Qe7 37. f4 Qb7 38. Kf2 Qe4 39. Qf3 Qxf3+ 40. Kxf3 Bf8 41. Rd7 Nc6 42. Bf6 Nb8 43. Rb7 Nc6 44. Rd7 Bg7 45. Bxg7 Kxg7 46. Nc4 Rb8 47. Nbd6 Ncd8 48. Ne5 Rxb2 49. Ndxf7 Nxf7 50. Rxf7+ Kg8 51. Ra7 Rxh2 52. Rxa4 Rd2 53. Ra6 Nd8 54. Ra7 Rd6 55. Ra5 Ne6 56. Ra8+ Rd8 57. Ra6 Re8 58. Ng4 Re7 59. Rc6 Kg7 60. Nf2 Kh6 61. Nd3 Ng7 62. Rxc5 Nf5 63. Ne5 Ra7 64. Ng4+ Kg7 65. Rc3 Re7 66. Rd3 h5 67. Nf2 Kh6 68. Nh3 Kg7 69. Ng5 Nh6 70. Ra3 Ng4 71. Rc3 Nf6 72. Rc7 Rxc7 73. Ne6+ Kf7 74. Nxc7 Ke7 75. Nb5 Ke6 76. Nc3 Ng4 77. e4 Nf6 78. Ne2 1/2-1/2